|
|
|
|
| LEADER |
00000cam a2200000 7i4500 |
| 001 |
0000003230 |
| 005 |
20050323.0 |
| 020 |
0 |
0 |
|a 9839269267
|
| 090 |
0 |
0 |
|a 634.985951
|b SAH
|
| 100 |
0 |
0 |
|a Sharudin Hj. Ahmad
|
| 245 |
0 |
0 |
|a Kajian mengenai kos dan prodaktiviti sistem pengusahasilan ladang hutan di Semenanjung Malaysia :
|b Laporan kajian di blok87C4, ladang hutan Kemasul, Mentakab, Pahang
|c Shaharudin Hj. Ahmad,...[et..al]
|
| 260 |
0 |
0 |
|a Kuala Lumpur :
|b Jabatan Perhutanan Semenanjung Malaysia ,
|c 2004
|
| 300 |
|
|
|a viii, 74 p. :
|b ill ;
|c 29 cm.
|
| 650 |
0 |
0 |
|a Forest products industry
|z Malaysia
|
| 650 |
0 |
0 |
|a Forest products
|z Malaysia
|
| 650 |
0 |
0 |
|a Forests and forestry
|x Research
|
| 700 |
1 |
1 |
|a Azmi Hassan
|
| 700 |
1 |
1 |
|a Jalimah Suni
|
| 700 |
1 |
1 |
|a Rohadi Zakarya@Derahman
|
| 700 |
1 |
1 |
|a Zamirrullizam Ibrahim
|
| 999 |
|
|
|a 0000005961
|b Monograph
|c Open Shelf
|e Default branch
|
| 999 |
|
|
|a 0000005962
|b Monograph
|c Open Shelf
|e Default branch
|
| 999 |
|
|
|a 0000005963
|b Monograph
|c Open Shelf
|e Default branch
|
| 999 |
|
|
|a 0000005964
|b Monograph
|c Open Shelf
|e Default branch
|
| 999 |
|
|
|a 0000005965
|b Monograph
|c Open Shelf
|e Default branch
|